000 00877nam a2200301Ia 4500
001 Z_6284
003 CHAP
008 220113s9999 xx 000 0 und d
010 _a169522
040 _cCHAP
082 _a636.4 L47
100 _aLeRoy, André-M.
_966316
245 _aEl cerdo /
_cAndré-M- LeRoy; traducción Jaime Olivar y Badosa
260 _aEspaña :
_bEdiciones GEA,
_c
300 _a254 p.
500 _aLa edición original de esta obra ha sido publicada en francés por la librarie Hachette de París con el Título original: Le Porc
503 _aej.1: s/n
650 _aAlojamiento de cerdos
_9144384
650 _aGanado porcino
_945328
650 _aGanado porcino
_xNutrición
_945390
650 _aRazas de porcinos
_9144385
901 _a636.4 L47
902 _aM
910 _a
942 _c1
942 _cc1
999 _c169522
_d169522